Mujeres negras (sirvientas, putas, matronas): una aproximación a la mujer negra de Colombia /
Guardado en:
| Autor principal: | |
|---|---|
| Formato: | Texto |
| Etiquetas: |
Agregar Etiqueta
Sin Etiquetas, Sea el primero en etiquetar este registro!
|
MARC
| LEADER | 00000 a a2200000 04500 | ||
|---|---|---|---|
| 001 | 46922 | ||
| 003 | |||
| 040 | |||
| 100 | |a Lozano Lerma, Betty Ruth | ||
| 245 | |a Mujeres negras (sirvientas, putas, matronas): |b una aproximación a la mujer negra de Colombia / |c Betty Ruth Lozano Lerma | ||
| 773 | |a número49, (2010), páginas 135-157 | ||
| 999 | |c 34644 |d 34644 | ||
